<?xml version="1.0" encoding="UTF-8"?>
<record
    xmlns:xsi="http://www.w3.org/2001/XMLSchema-instance"
    xsi:schemaLocation="http://www.loc.gov/MARC21/slim http://www.loc.gov/standards/marcxml/schema/MARC21slim.xsd"
    xmlns="http://www.loc.gov/MARC21/slim">

  <leader>00855nam2a22002411  4500</leader>
  <controlfield tag="001">rc\3793373</controlfield>
  <controlfield tag="005">20250530051903.0</controlfield>
  <datafield tag="035" ind1=" " ind2=" ">
    <subfield code="a">(NLR Aleph) 007242543</subfield>
  </datafield>
  <datafield tag="090" ind1=" " ind2=" ">
    <subfield code="a">7761176</subfield>
    <subfield code="c">7761176</subfield>
  </datafield>
  <datafield tag="100" ind1=" " ind2=" ">
    <subfield code="a">20120311d1975    |||y0rusy50      ca</subfield>
  </datafield>
  <datafield tag="101" ind1="0" ind2=" ">
    <subfield code="a">rus</subfield>
  </datafield>
  <datafield tag="102" ind1=" " ind2=" ">
    <subfield code="a">RU</subfield>
  </datafield>
  <datafield tag="105" ind1=" " ind2=" ">
    <subfield code="a">y   z   |||||</subfield>
  </datafield>
  <datafield tag="200" ind1="1" ind2=" ">
    <subfield code="a">&#x41A;&#x430;&#x43A; &#x431;&#x43E;&#x440;&#x43E;&#x442;&#x44C;&#x441;&#x44F; &#x441; &#x432;&#x435;&#x442;&#x440;&#x43E;&#x432;&#x43E;&#x439; &#x44D;&#x440;&#x43E;&#x437;&#x438;&#x435;&#x439; &#x43F;&#x43E;&#x447;&#x432;</subfield>
  </datafield>
  <datafield tag="210" ind1=" " ind2=" ">
    <subfield code="a">&#x423;&#x43B;&#x430;&#x43D;-&#x423;&#x434;&#x44D;</subfield>
    <subfield code="c">&#x411;&#x443;&#x440;&#x44F;&#x442;. &#x43A;&#x43D;. &#x438;&#x437;&#x434;-&#x432;&#x43E;</subfield>
    <subfield code="d">1975</subfield>
  </datafield>
  <datafield tag="461" ind1=" " ind2="0">
    <subfield code="1">001rc\2628094</subfield>
    <subfield code="1">2001#$v[6]</subfield>
    <subfield code="9">6149915</subfield>
    <subfield code="a">&#x413;&#x43B;&#x430;&#x434;&#x43A;&#x43E;&#x432;, &#x424;.&#x412;. (1883-1958)</subfield>
    <subfield code="c">&#x41C;&#x43E;&#x441;&#x43A;&#x432;&#x430;</subfield>
    <subfield code="d">1931</subfield>
    <subfield code="f">&#x424;&#x435;&#x434;&#x43E;&#x440; &#x413;&#x43B;&#x430;&#x434;&#x43A;&#x43E;&#x432;</subfield>
    <subfield code="n">&#x41D;&#x435;&#x434;&#x440;&#x430;</subfield>
    <subfield code="o">&#x41E;&#x447;&#x435;&#x440;&#x43A;&#x438;</subfield>
    <subfield code="p">119 &#x441;.</subfield>
    <subfield code="t">&#x41F;&#x438;&#x441;&#x44C;&#x43C;&#x430; &#x43E; &#x414;&#x43D;&#x435;&#x43F;&#x440;&#x43E;&#x441;&#x442;&#x440;&#x43E;&#x435;</subfield>
    <subfield code="v">[6]</subfield>
  </datafield>
  <datafield tag="700" ind1=" " ind2="1">
    <subfield code="a">&#x411;&#x43E;&#x445;&#x438;&#x435;&#x432;</subfield>
    <subfield code="b">&#x412;.&#x411;.</subfield>
  </datafield>
  <datafield tag="701" ind1=" " ind2="1">
    <subfield code="a">&#x428;&#x430;&#x433;&#x434;&#x430;&#x440;&#x43E;&#x432;</subfield>
    <subfield code="b">&#x41C;.&#x416;.</subfield>
  </datafield>
  <datafield tag="801" ind1=" " ind2="0">
    <subfield code="a">RU</subfield>
    <subfield code="b">NLR</subfield>
    <subfield code="g">psbo</subfield>
  </datafield>
  <datafield tag="801" ind1=" " ind2="1">
    <subfield code="a">RU</subfield>
    <subfield code="b">ELAR</subfield>
    <subfield code="2">rusmarc</subfield>
  </datafield>
  <datafield tag="852" ind1=" " ind2=" ">
    <subfield code="a">NLR</subfield>
    <subfield code="j">75-4/13764</subfield>
  </datafield>
  <datafield tag="942" ind1=" " ind2=" ">
    <subfield code="c">BOOK</subfield>
  </datafield>
  <datafield tag="980" ind1=" " ind2=" ">
    <subfield code="a">NB</subfield>
  </datafield>
  <datafield tag="995" ind1=" " ind2=" ">
    <subfield code="5">2013-10-26</subfield>
    <subfield code="b">NLR01</subfield>
    <subfield code="c">NLR01</subfield>
    <subfield code="e">RF91</subfield>
    <subfield code="f">7242543-10</subfield>
    <subfield code="k">75-4/13764</subfield>
    <subfield code="o">0</subfield>
    <subfield code="r">BOOK</subfield>
    <subfield code="s">75413764_</subfield>
  </datafield>
</record>
